000 00422nam a22001697a 4500
005 20181016113826.0
008 160523b xxu||||| |||| 00| 0 eng d
020 _a81-86011-79-X
041 _aeng
082 _b4209
_a658.403
100 _aO'Brien, James A
_94883
245 _aManagement Information Systems
260 _aNew Delhi
_bAcademic Faundation
300 _a815p,
650 _aManagement
_9241
942 _cBK
999 _c1430
_d1430